| 000 | 00491nam a2200121Ia 4500 | ||
|---|---|---|---|
| 008 | 171212s9999 xx 000 0 und d | ||
| 020 | _a9780833046529 | ||
| 100 | _aLevine, Robert A.;Frelinger, David R.;Bartis, James T. | ||
| 245 |
_cLevine, Robert A.;Frelinger, David R.;Bartis, James T. _aAdjusting to Global Economic Change _bThe Dangerous Road Ahead |
||
| 260 |
_bRAND Corporation _c2009 |
||
| 650 | _aManagement & Organizational Behavior | ||
| 856 | _uwww.jstor.org/stable/10.7249/op243rpc | ||
| 999 |
_c351681 _d351681 |
||